[Event "ODJM B 2018"]
[Site "Willingen GER"]
[Date "2018.05.23"]
[Round "5"]
[White "Rothenberg, Jannik"]
[Black "Stork, Christopher"]
[Result "1-0"]
[Termination "normal"]
[Board "6"]
[WhiteElo "1678"]
[BlackElo "1715"]
[WhiteClock "00:19:26"]
[BlackClock "01:24:33"]
[PlyCount "111"]
[WhiteFideId "16204743"]
[BlackFideId "16215400"]
[EventCountry "GER"]
[EventRounds "9"]
[EventType "swiss"]
[EventDate "2018.05.19"]

1. d4 {[%clk 1:30:57]} 1... d5 {[%clk 1:30:52]} 2. c4 {[%clk 1:31:22]} 2... e6
{[%clk 1:31:18]} 3. Nc3 {[%clk 1:31:46]} 3... Nf6 {[%clk 1:31:41]} 4. cxd5 {
[%clk 1:31:59]} 4... exd5 {[%clk 1:32:05]} 5. Bg5 {[%clk 1:32:23]} 5... Be7 {
[%clk 1:31:40]} 6. e3 {[%clk 1:32:36]} 6... O-O {[%clk 1:30:59]} 7. Bd3 { [%clk
1:32:38]} 7... Nbd7 {[%clk 1:30:46]} 8. Nf3 {[%clk 1:31:45]} 8... Re8 { [%clk
1:28:50]} 9. O-O {[%clk 1:29:56]} 9... c6 {[%clk 1:27:42]} 10. Qc2 { [%clk
1:28:40]} 10... Nf8 {[%clk 1:27:44]} 11. h3 {[%clk 1:26:52]} 11... Ng6 { [%clk
1:25:44]} 12. Rab1 {[%clk 1:24:01]} 12... a5 {[%clk 1:22:13]} 13. a3 { [%clk
1:20:50]} 13... Be6 {[%clk 1:21:37]} 14. b4 {[%clk 1:13:29]} 14... axb4 { [%clk
1:20:21]} 15. axb4 {[%clk 1:11:20]} 15... Rc8 {[%clk 1:18:45]} 16. Rfc1 { [%clk
1:06:44]} 16... Nd7 {[%clk 1:15:50]} 17. Bxe7 {[%clk 1:05:48]} 17... Qxe7
{[%clk 1:16:06]} 18. Na4 {[%clk 1:04:21]} 18... b5 {[%clk 1:15:55]} 19. Nc5 {
[%clk 1:03:11]} 19... Nxc5 {[%clk 1:15:34]} 20. Qxc5 {[%clk 0:58:59]} 20... Qf6
{[%clk 1:13:54]} 21. Qd6 {[%clk 0:45:31]} 21... Red8 {[%clk 1:13:45]} 22. Qg3 {
[%clk 0:44:22]} 22... Bf5 {[%clk 1:12:30]} 23. Bxf5 {[%clk 0:43:01]} 23... Qxf5
{[%clk 1:12:51]} 24. Rb3 {[%clk 0:40:21]} 24... f6 {[%clk 1:10:38]} 25. Rbc3 {
[%clk 0:38:13]} 25... Ne7 {[%clk 1:10:42]} 26. Nd2 {[%clk 0:36:52]} 26... Qe6 {
[%clk 1:06:45]} 27. Nb3 {[%clk 0:32:35]} 27... Qd6 {[%clk 1:06:47]} 28. Qxd6 {
[%clk 0:32:01]} 28... Rxd6 {[%clk 1:07:15]} 29. Ra1 {[%clk 0:27:02]} 29... Kf8
{[%clk 1:06:05]} 30. Nc5 {[%clk 0:26:03]} 30... Ng8 {[%clk 1:02:36]} 31. Ra7 {
[%clk 0:24:20]} 31... Nh6 {[%clk 1:02:48]} 32. Rca3 {[%clk 0:22:04]} 32... Nf7
{[%clk 0:59:29]} 33. R3a6 {[%clk 0:20:24]} 33... Nd8 {[%clk 0:59:09]} 34. Kf1 {
[%clk 0:19:18]} 34... Ne6 {[%clk 0:58:57]} 35. Rb6 {[%clk 0:17:56]} 35... Nc7 {
[%clk 0:56:35]} 36. Rbb7 {[%clk 0:17:40]} 36... Ne8 {[%clk 0:56:59]} 37. Re7 {
[%clk 0:13:21]} 37... Ra8 {[%clk 0:54:57]} 38. Rf7+ {[%clk 0:11:40]} 38... Kg8
{[%clk 0:55:16]} 39. Rxg7+ {[%clk 0:11:27]} 39... Nxg7 {[%clk 0:55:41]} 40.
Rxa8+ {[%clk 0:11:49]} 40... Kf7 {[%clk 0:56:06]} 41. Nb7 {[%clk 0:28:17]}
41... Rd7 {[%clk 1:24:38]} 42. Nd8+ {[%clk 0:27:39]} 42... Kg6 {[%clk 1:24:52]}
43. Rc8 {[%clk 0:25:24]} 43... Nf5 {[%clk 1:24:50]} 44. Nxc6 {[%clk 0:24:28]}
44... Nd6 {[%clk 1:24:41]} 45. Rd8 {[%clk 0:23:55]} 45... Rxd8 {[%clk 1:25:05]}
46. Nxd8 {[%clk 0:24:18]} 46... Ne8 {[%clk 1:24:44]} 47. Ne6 {[%clk 0:23:58]}
47... Kf5 {[%clk 1:24:46]} 48. Nf4 {[%clk 0:23:30]} 48... Nc7 {[%clk 1:25:04]}
49. Ke2 {[%clk 0:23:16]} 49... Kg5 {[%clk 1:24:33]} 50. Kf3 {[%clk 0:22:54]}
50... f5 {[%clk 1:24:53]} 51. Kg3 {[%clk 0:21:28]} 51... h6 {[%clk 1:24:47]}
52. Kf3 {[%clk 0:20:59]} 52... Kf6 {[%clk 1:24:48]} 53. h4 {[%clk 0:20:11]}
53... Ke7 {[%clk 1:24:44]} 54. g4 {[%clk 0:19:16]} 54... Kf6 {[%clk 1:24:45]}
55. Kg3 {[%clk 0:19:11]} 55... fxg4 {[%clk 1:24:33]} 56. Kxg4 {[%clk 0:19:26]}
1-0

[Event "ODJM B 2018"]
[Site "Willingen GER"]
[Date "2018.05.23"]
[Round "5"]
[White "Schilay, Eva"]
[Black "Arnold, Leander"]
[Result "1/2-1/2"]
[Termination "normal"]
[Board "7"]
[WhiteElo "1605"]
[BlackElo "1808"]
[WhiteClock "00:15:25"]
[BlackClock "00:10:52"]
[PlyCount "41"]
[WhiteFideId "12930164"]
[BlackFideId "12990230"]
[EventCountry "GER"]
[EventRounds "9"]
[EventType "swiss"]
[EventDate "2018.05.19"]

1. e4 {[%clk 1:30:54]} 1... b6 {[%clk 1:30:47]} 2. g3 {[%clk 1:28:55]} 2... Bb7
{[%clk 1:31:04]} 3. Bg2 {[%clk 1:29:08]} 3... e6 {[%clk 1:31:12]} 4. d3 { [%clk
1:27:08]} 4... Nf6 {[%clk 1:26:30]} 5. Be3 {[%clk 1:22:57]} 5... d5 { [%clk
1:11:39]} 6. e5 {[%clk 1:16:41]} 6... Nfd7 {[%clk 1:11:20]} 7. f4 { [%clk
1:17:00]} 7... g6 {[%clk 0:43:40]} 8. Nf3 {[%clk 1:10:42]} 8... c5 { [%clk
0:35:44]} 9. c4 {[%clk 0:55:42]} 9... Be7 {[%clk 0:24:42]} 10. O-O { [%clk
0:53:01]} 10... O-O {[%clk 0:22:34]} 11. Nfd2 {[%clk 0:44:41]} 11... Na6 {[%clk
0:17:57]} 12. Nc3 {[%clk 0:25:52]} 12... Nc7 {[%clk 0:18:09]} 13. Bf2 { [%clk
0:22:00]} 13... Nb8 {[%clk 0:12:52]} 14. Qc2 {[%clk 0:19:02]} 14... Nc6 { [%clk
0:12:01]} 15. a3 {[%clk 0:19:11]} 15... Re8 {[%clk 0:10:46]} 16. Rfe1 { [%clk
0:19:05]} 16... Bf8 {[%clk 0:10:57]} 17. Rad1 {[%clk 0:18:52]} 17... Ne7 {[%clk
0:11:08]} 18. b3 {[%clk 0:17:21]} 18... Rb8 {[%clk 0:10:56]} 19. Kh1 { [%clk
0:15:02]} 19... Ra8 {[%clk 0:10:26]} 20. Kg1 {[%clk 0:15:25]} 20... Rb8 { [%clk
0:10:52]} 21. Kh1 1/2-1/2

[Event "ODJM B 2018"]
[Site "Willingen GER"]
[Date "2018.05.23"]
[Round "5"]
[White "Klühs, Gustaf"]
[Black "Matthes, Benjamin"]
[Result "1/2-1/2"]
[Termination "normal"]
[Board "8"]
[WhiteElo "1740"]
[BlackElo "1829"]
[WhiteClock "00:25:04"]
[BlackClock "00:02:23"]
[PlyCount "56"]
[WhiteFideId "16228936"]
[BlackFideId "16227298"]
[EventCountry "GER"]
[EventRounds "9"]
[EventType "swiss"]
[EventDate "2018.05.19"]

1. Nf3 {[%clk 1:30:53]} 1... d5 {[%clk 1:30:22]} 2. g3 {[%clk 1:31:07]} 2... c5
{[%clk 1:30:01]} 3. Bg2 {[%clk 1:31:32]} 3... e6 {[%clk 1:30:28]} 4. O-O {
[%clk 1:31:32]} 4... Nf6 {[%clk 1:30:46]} 5. c4 {[%clk 1:31:13]} 5... Nc6 {
[%clk 1:30:14]} 6. cxd5 {[%clk 1:29:49]} 6... exd5 {[%clk 1:30:02]} 7. d4 {
[%clk 1:27:58]} 7... Be6 {[%clk 1:25:38]} 8. a3 {[%clk 1:26:30]} 8... cxd4 {
[%clk 1:16:35]} 9. Nxd4 {[%clk 1:25:39]} 9... Be7 {[%clk 1:15:41]} 10. Be3 {
[%clk 1:21:00]} 10... O-O {[%clk 1:10:10]} 11. h3 {[%clk 1:10:54]} 11... Qd7 {
[%clk 1:09:59]} 12. Kh2 {[%clk 1:09:40]} 12... Ne5 {[%clk 0:59:20]} 13. Nd2 {
[%clk 1:08:16]} 13... a6 {[%clk 0:53:45]} 14. N4f3 {[%clk 1:05:34]} 14... Nc6 {
[%clk 0:49:38]} 15. Nd4 {[%clk 0:49:01]} 15... Rac8 {[%clk 0:48:39]} 16. Rc1 {
[%clk 0:43:46]} 16... Ne5 {[%clk 0:44:28]} 17. N4f3 {[%clk 0:38:21]} 17... Rxc1
{[%clk 0:40:59]} 18. Qxc1 {[%clk 0:38:39]} 18... Nxf3+ {[%clk 0:34:34]} 19.
Nxf3 {[%clk 0:37:49]} 19... Rc8 {[%clk 0:34:55]} 20. Qa1 {[%clk 0:34:55]} 20...
Ne8 {[%clk 0:27:23]} 21. Rc1 {[%clk 0:33:17]} 21... Nd6 {[%clk 0:22:09]} 22.
Rxc8+ {[%clk 0:31:07]} 22... Qxc8 {[%clk 0:21:56]} 23. Qc1 {[%clk 0:28:16]}
23... Qxc1 {[%clk 0:17:15]} 24. Bxc1 {[%clk 0:28:40]} 24... Bf6 {[%clk 0:16:08]
} 25. Nd2 {[%clk 0:28:29]} 25... b6 {[%clk 0:13:21]} 26. e4 {[%clk 0:26:32]}
26... d4 {[%clk 0:06:13]} 27. Bf1 {[%clk 0:26:54]} 27... a5 {[%clk 0:04:57]}
28. f4 {[%clk 0:25:04]} 28... Nb7 {[%clk 0:02:23]} 1/2-1/2

[Event "ODJM B 2018"]
[Site "Willingen GER"]
[Date "2018.05.23"]
[Round "5"]
[White "Udaykumar, Arunn Mark"]
[Black "Kovac, Linda"]
[Result "1-0"]
[Termination "normal"]
[Board "9"]
[WhiteElo "1765"]
[BlackElo "1629"]
[WhiteClock "00:03:16"]
[BlackClock "00:03:55"]
[PlyCount "63"]
[WhiteFideId "12965456"]
[BlackFideId "12938815"]
[EventCountry "GER"]
[EventRounds "9"]
[EventType "swiss"]
[EventDate "2018.05.19"]

1. e4 1... c5 {[%clk 1:30:47]} 2. d4 {[%clk 1:29:53]} 2... cxd4 {[%clk 1:30:58]
} 3. c3 {[%clk 1:30:13]} 3... dxc3 {[%clk 1:31:05]} 4. Nxc3 {[%clk 1:30:29]}
4... Nc6 {[%clk 1:31:22]} 5. Nf3 {[%clk 1:30:28]} 5... e6 {[%clk 1:31:12]} 6.
Bc4 {[%clk 1:30:17]} 6... a6 {[%clk 1:30:16]} 7. O-O {[%clk 1:28:49]} 7... Nge7
{[%clk 1:30:33]} 8. Bg5 {[%clk 1:28:19]} 8... f6 {[%clk 1:29:57]} 9. Be3 {
[%clk 1:24:04]} 9... b5 {[%clk 1:26:43]} 10. Bb3 {[%clk 1:21:48]} 10... Ng6 {
[%clk 1:26:38]} 11. Nd5 {[%clk 1:18:53]} 11... Rb8 {[%clk 1:18:39]} 12. Rc1 {
[%clk 1:17:25]} 12... Be7 {[%clk 1:10:13]} 13. Nxe7 {[%clk 1:15:43]} 13...
Ngxe7 {[%clk 1:04:57]} 14. Qd3 {[%clk 1:02:49]} 14... Na5 {[%clk 1:01:45]} 15.
Qd6 {[%clk 0:55:10]} 15... Nxb3 {[%clk 0:55:06]} 16. Qxb8 {[%clk 0:51:52]}
16... Nxc1 {[%clk 0:55:20]} 17. Rxc1 {[%clk 0:48:37]} 17... Nc6 {[%clk 0:55:32]
} 18. Qd6 {[%clk 0:47:49]} 18... Qe7 {[%clk 0:55:02]} 19. Qd2 {[%clk 0:42:50]}
19... Bb7 {[%clk 0:50:10]} 20. Bc5 {[%clk 0:42:19]} 20... Qf7 {[%clk 0:49:23]}
21. Qd6 {[%clk 0:40:35]} 21... Nd8 {[%clk 0:48:27]} 22. Qb8 22... Bxe4 { [%clk
0:32:50]} 23. Bd6 {[%clk 0:25:56]} 23... Bb7 {[%clk 0:30:36]} 24. Rc7 { [%clk
0:25:39]} 24... Qg6 {[%clk 0:30:26]} 25. Ne1 {[%clk 0:24:11]} 25... Qb1 { [%clk
0:28:48]} 26. Bb4 {[%clk 0:19:04]} 26... Qxb2 {[%clk 0:23:01]} 27. Bc3 { [%clk
0:06:21]} 27... Qc1 {[%clk 0:22:46]} 28. Bb4 {[%clk 0:06:28]} 28... Qb1 { [%clk
0:22:37]} 29. a3 {[%clk 0:05:46]} 29... a5 {[%clk 0:22:23]} 30. Bxa5 { [%clk
0:04:58]} 30... O-O {[%clk 0:12:00]} 31. Rxd7 {[%clk 0:03:33]} 31... b4 { [%clk
0:03:55]} 32. Bxb4 {[%clk 0:03:16]} 1-0

[Event "ODJM B 2018"]
[Site "Willingen GER"]
[Date "2018.05.23"]
[Round "5"]
[White "Mainka, Irmin"]
[Black "Oberhofer, Marie"]
[Result "1/2-1/2"]
[Termination "normal"]
[Board "10"]
[WhiteElo "1415"]
[BlackElo "1751"]
[WhiteClock "01:22:33"]
[BlackClock "00:35:23"]
[PlyCount "57"]
[WhiteFideId "16248457"]
[BlackFideId "12938165"]
[EventCountry "GER"]
[EventRounds "9"]
[EventType "swiss"]
[EventDate "2018.05.19"]

1. e4 {[%clk 1:30:58]} 1... c5 {[%clk 1:30:56]} 2. Nf3 {[%clk 1:31:23]} 2... d6
{[%clk 1:31:23]} 3. d4 {[%clk 1:31:47]} 3... cxd4 {[%clk 1:31:48]} 4. Nxd4 {
[%clk 1:32:13]} 4... Nf6 {[%clk 1:32:14]} 5. Nc3 {[%clk 1:32:37]} 5... g6 {
[%clk 1:32:38]} 6. Be3 {[%clk 1:32:43]} 6... Bg7 {[%clk 1:33:02]} 7. Bc4 {
[%clk 1:32:38]} 7... O-O {[%clk 1:33:23]} 8. O-O {[%clk 1:33:02]} 8... Nc6 {
[%clk 1:33:38]} 9. Qd2 {[%clk 1:33:12]} 9... Ng4 {[%clk 1:30:54]} 10. Nxc6 {
[%clk 1:30:56]} 10... bxc6 {[%clk 1:29:35]} 11. Bf4 {[%clk 1:31:04]} 11... Rb8
{[%clk 1:27:46]} 12. Bb3 {[%clk 1:30:56]} 12... Ba6 {[%clk 1:22:07]} 13. Rfe1 {
[%clk 1:30:18]} 13... Qc7 {[%clk 1:11:34]} 14. h3 {[%clk 1:29:48]} 14... Ne5 {
[%clk 1:11:42]} 15. Bh6 {[%clk 1:29:18]} 15... Bxh6 {[%clk 1:06:51]} 16. Qxh6 {
[%clk 1:29:41]} 16... Bc4 {[%clk 1:06:46]} 17. f4 {[%clk 1:29:08]} 17... Bxb3 {
[%clk 1:05:27]} 18. axb3 {[%clk 1:29:30]} 18... Nd7 {[%clk 1:04:26]} 19. Qh4 {
[%clk 1:29:03]} 19... Nf6 {[%clk 1:01:41]} 20. Qf2 {[%clk 1:29:06]} 20... Qb6 {
[%clk 0:59:25]} 21. Rxa7 {[%clk 1:28:58]} 21... Qxf2+ {[%clk 0:59:08]} 22. Kxf2
{[%clk 1:29:19]} 22... Nh5 {[%clk 0:56:03]} 23. Kf3 {[%clk 1:28:45]} 23... Rfe8
{[%clk 0:50:54]} 24. g4 {[%clk 1:28:55]} 24... Ng7 {[%clk 0:51:12]} 25. Rc7 {
[%clk 1:28:09]} 25... Rb6 {[%clk 0:49:30]} 26. f5 {[%clk 1:27:47]} 26... Kf8 {
[%clk 0:48:24]} 27. Ra7 {[%clk 1:27:16]} 27... Rd8 {[%clk 0:41:23]} 28. h4 {
[%clk 1:22:33]} 28... e5 {[%clk 0:35:23]} 29. Na4 1/2-1/2

[Event "ODJM B 2018"]
[Site "Willingen GER"]
[Date "2018.05.23"]
[Round "5"]
[White "Petri, Ben-Luca"]
[Black "Reuter, Julian-Frank"]
[Result "1-0"]
[Termination "normal"]
[Board "11"]
[WhiteElo "1767"]
[BlackElo "1652"]
[WhiteClock "01:03:04"]
[BlackClock "00:20:39"]
[PlyCount "103"]
[WhiteFideId "12947261"]
[BlackFideId "16256182"]
[EventCountry "GER"]
[EventRounds "9"]
[EventType "swiss"]
[EventDate "2018.05.19"]

1. e4 {[%clk 1:30:58]} 1... c5 {[%clk 1:30:53]} 2. c4 {[%clk 1:31:22]} 2... Nc6
{[%clk 1:30:09]} 3. Ne2 {[%clk 1:29:35]} 3... g6 {[%clk 1:24:25]} 4. d4 { [%clk
1:29:19]} 4... cxd4 {[%clk 1:24:48]} 5. Nxd4 {[%clk 1:29:46]} 5... Bg7 { [%clk
1:25:12]} 6. Be3 {[%clk 1:30:06]} 6... Nf6 {[%clk 1:25:32]} 7. Nc3 { [%clk
1:30:33]} 7... d6 {[%clk 1:25:57]} 8. Be2 {[%clk 1:30:49]} 8... O-O { [%clk
1:26:21]} 9. O-O {[%clk 1:31:13]} 9... a6 {[%clk 1:26:37]} 10. Rc1 { [%clk
1:30:47]} 10... Bd7 {[%clk 1:27:01]} 11. f3 {[%clk 1:31:13]} 11... Rc8 { [%clk
1:27:27]} 12. Qd2 {[%clk 1:31:09]} 12... e6 {[%clk 1:27:02]} 13. Rfd1 { [%clk
1:31:30]} 13... Qe7 {[%clk 1:23:03]} 14. Nb3 {[%clk 1:30:49]} 14... Ne5 { [%clk
1:22:21]} 15. Na5 {[%clk 1:26:57]} 15... d5 {[%clk 1:10:04]} 16. cxd5 { [%clk
1:26:27]} 16... exd5 {[%clk 1:10:24]} 17. Nxd5 {[%clk 1:26:12]} 17... Nxd5
{[%clk 1:10:35]} 18. exd5 {[%clk 1:25:32]} 18... Rfe8 {[%clk 1:10:09]} 19. Rxc8
{[%clk 1:23:13]} 19... Rxc8 {[%clk 1:07:42]} 20. d6 {[%clk 1:20:02]} 20... Qe6
{[%clk 1:07:41]} 21. Nxb7 {[%clk 1:16:31]} 21... Nc4 {[%clk 1:07:50]} 22. Bxc4
{[%clk 1:16:40]} 22... Qxc4 {[%clk 1:02:05]} 23. b3 {[%clk 1:08:10]} 23... Qb5
{[%clk 1:01:41]} 24. Qd5 {[%clk 1:08:27]} 24... Qe2 {[%clk 0:55:41]} 25. Qd3
{[%clk 1:08:41]} 25... Qxa2 {[%clk 0:54:40]} 26. Nc5 {[%clk 1:08:57]} 26... Bf5
{[%clk 0:42:38]} 27. d7 {[%clk 1:08:03]} 27... Rd8 {[%clk 0:43:02]} 28. Qd5
{[%clk 1:07:33]} 28... Bf6 {[%clk 0:34:19]} 29. Bd4 {[%clk 1:05:52]} 29...
Bxd4+ {[%clk 0:28:22]} 30. Qxd4 {[%clk 1:05:27]} 30... Qc2 {[%clk 0:21:05]} 31.
Re1 {[%clk 1:01:52]} 31... Be6 {[%clk 0:17:39]} 32. Nxe6 {[%clk 1:00:03]} 32...
fxe6 {[%clk 0:18:07]} 33. Rxe6 {[%clk 0:59:48]} 33... Qc1+ {[%clk 0:18:02]} 34.
Kf2 {[%clk 1:00:07]} 34... Qc2+ {[%clk 0:18:28]} 35. Kg3 {[%clk 0:59:08]} 35...
Qc7+ {[%clk 0:18:43]} 36. Qd6 {[%clk 0:59:30]} 36... Qxd7 {[%clk 0:17:26]} 37.
Qxd7 {[%clk 0:59:48]} 37... Rxd7 {[%clk 0:17:50]} 38. Rxa6 {[%clk 1:00:13]}
38... Rb7 {[%clk 0:18:18]} 39. Ra3 {[%clk 1:00:26]} 39... Kf7 {[%clk 0:18:43]}
40. Kf4 {[%clk 1:00:48]} 40... h6 {[%clk 0:19:00]} 41. Ke4 {[%clk 1:01:11]}
41... Re7+ {[%clk 0:18:33]} 42. Kd3 {[%clk 1:01:29]} 42... Rd7+ {[%clk 0:18:57]
} 43. Kc3 {[%clk 1:01:52]} 43... Rc7+ {[%clk 0:19:24]} 44. Kb2 {[%clk 1:02:06]}
44... Re7 {[%clk 0:19:52]} 45. Ra2 {[%clk 1:02:20]} 45... Ke6 {[%clk 0:19:51]}
46. Kc3 {[%clk 1:01:23]} 46... Kf5 {[%clk 0:19:52]} 47. b4 {[%clk 1:01:33]}
47... g5 {[%clk 0:19:53]} 48. b5 {[%clk 1:01:46]} 48... g4 {[%clk 0:20:12]} 49.
fxg4+ {[%clk 1:02:04]} 49... Kxg4 {[%clk 0:20:35]} 50. Kb4 {[%clk 1:02:15]}
50... Re4+ {[%clk 0:20:24]} 51. Ka5 {[%clk 1:02:36]} 51... Re5 {[%clk 0:20:39]}
52. Ka6 {[%clk 1:03:04]} 1-0

[Event "ODJM B 2018"]
[Site "Willingen GER"]
[Date "2018.05.23"]
[Round "5"]
[White "Wastian, Mareike"]
[Black "Wieber, Dominik"]
[Result "0-1"]
[Termination "normal"]
[Board "12"]
[WhiteElo "1535"]
[BlackElo "1790"]
[WhiteClock "00:20:42"]
[BlackClock "00:28:01"]
[PlyCount "58"]
[WhiteFideId "12947423"]
[BlackFideId "24699012"]
[EventCountry "GER"]
[EventRounds "9"]
[EventType "swiss"]
[EventDate "2018.05.19"]

1. e4 {[%clk 1:30:58]} 1... e5 {[%clk 1:30:21]} 2. Nf3 {[%clk 1:30:29]} 2...
Nc6 {[%clk 1:21:53]} 3. Bb5 {[%clk 1:29:55]} 3... Nf6 {[%clk 1:21:43]} 4. O-O {
[%clk 1:29:36]} 4... d6 {[%clk 1:22:08]} 5. d4 {[%clk 1:29:03]} 5... exd4 {
[%clk 1:22:17]} 6. Nxd4 {[%clk 1:28:10]} 6... Bd7 {[%clk 1:19:40]} 7. Nc3 {
[%clk 1:26:32]} 7... Be7 {[%clk 1:19:22]} 8. Bxc6 {[%clk 1:25:32]} 8... bxc6 {
[%clk 1:19:20]} 9. Re1 {[%clk 1:24:15]} 9... O-O {[%clk 1:18:12]} 10. Bf4 {
[%clk 1:21:12]} 10... c5 {[%clk 1:12:14]} 11. Nf3 {[%clk 1:19:34]} 11... Rb8 {
[%clk 1:05:34]} 12. b3 {[%clk 1:17:16]} 12... Nh5 {[%clk 1:03:34]} 13. Bg3 {
[%clk 1:15:40]} 13... Nxg3 {[%clk 1:03:46]} 14. hxg3 {[%clk 1:15:25]} 14... Be6
{[%clk 1:01:20]} 15. Qd3 {[%clk 1:09:57]} 15... c6 {[%clk 0:50:35]} 16. Rad1 {
[%clk 1:08:24]} 16... Qc7 {[%clk 0:48:47]} 17. Qe3 {[%clk 1:04:43]} 17... h6 {
[%clk 0:43:46]} 18. Na4 {[%clk 0:56:45]} 18... c4 {[%clk 0:40:48]} 19. e5 {
[%clk 0:49:24]} 19... cxb3 {[%clk 0:36:51]} 20. cxb3 {[%clk 0:48:33]} 20... d5
{[%clk 0:35:29]} 21. Nc5 {[%clk 0:47:21]} 21... Qa5 {[%clk 0:34:05]} 22. Nxe6 {
[%clk 0:44:19]} 22... fxe6 {[%clk 0:34:12]} 23. Nd4 {[%clk 0:43:02]} 23... Bc5
{[%clk 0:34:06]} 24. Qe2 {[%clk 0:41:47]} 24... Rb4 {[%clk 0:29:02]} 25. Nf3 {
[%clk 0:35:52]} 25... Re4 {[%clk 0:27:25]} 26. Qc2 {[%clk 0:22:47]} 26... Rxe1+
{[%clk 0:27:31]} 27. Rxe1 {[%clk 0:22:10]} 27... Rxf3 {[%clk 0:27:59]} 28. Rc1
{[%clk 0:21:17]} 28... Bxf2+ {[%clk 0:28:01]} 29. Kh1 {[%clk 0:20:42]} 29...
Rf5 0-1

[Event "ODJM B 2018"]
[Site "Willingen GER"]
[Date "2018.05.23"]
[Round "5"]
[White "Weimert, Miriam"]
[Black "Noever, Niklas"]
[Result "1-0"]
[Termination "normal"]
[Board "13"]
[WhiteElo "1797"]
[BlackElo "1707"]
[PlyCount "69"]
[WhiteFideId "12966703"]
[BlackFideId "12988642"]
[EventCountry "GER"]
[EventRounds "9"]
[EventType "swiss"]
[EventDate "2018.05.19"]

1. e4 c5 2. Nc3 Nc6 3. f4 g6 4. Bc4 Bg7 5. Nf3 a6 6. a4 e6 7. e5 d5 8. exd6
Qxd6 9. O-O Nf6 10. d3 O-O 11. Qe1 b6 12. Kh1 Bb7 13. Ne4 Qc7 14. Qh4 Nxe4 15.
dxe4 Qd7 16. Qf2 Na5 17. Bd3 Qc7 18. Qh4 Qd8 19. Qh3 Bc8 20. f5 c4 21. fxg6
fxg6 22. Be2 e5 23. Qg3 Qc7 24. Be3 Bd7 25. Qh4 Rf6 26. Ng5 h5 27. g4 Raf8 28.
gxh5 Bh6 29. hxg6 Rxg6 30. Rxf8+ Kxf8 31. Nh7+ Kg8 32. Nf6+ Kg7 33. Bxh6+ Rxh6
34. Rg1+ Rg6 35. Qh7+ 1-0

[Event "ODJM B 2018"]
[Site "Willingen GER"]
[Date "2018.05.23"]
[Round "5"]
[White "Diegel, Jonas"]
[Black "Cozzuto, Alessandro"]
[Result "1-0"]
[Termination "normal"]
[Board "14"]
[WhiteElo "1712"]
[BlackElo "1531"]
[PlyCount "81"]
[WhiteFideId "16206061"]
[BlackFideId "12990744"]
[EventCountry "GER"]
[EventRounds "9"]
[EventType "swiss"]
[EventDate "2018.05.19"]

1. d4 d5 2. Nf3 Nf6 3. c4 e6 4. Bg5 Be7 5. e3 c5 6. Nc3 Nc6 7. Be2 O-O 8. O-O
a6 9. cxd5 Nxd5 10. Bxe7 Ncxe7 11. a3 cxd4 12. Nxd5 Qxd5 13. Nxd4 Rd8 14. Bf3
Qa5 15. b4 Qb6 16. Qe2 Bd7 17. Qb2 Rac8 18. Rac1 Nc6 19. Nb3 Ra8 20. Rc2 a5 21.
Bxc6 Bxc6 22. Nxa5 Ba4 23. Rd2 Rxd2 24. Qxd2 Rd8 25. Qc3 h6 26. h3 Kh7 27. Qe5
Rd5 28. Qf4 Rd7 29. Rc1 Qb5 30. Rc7 Rd1+ 31. Kh2 Rd7 32. Rxd7 Qxd7 33. Qe4+ g6
34. Qxb7 Qd6+ 35. g3 Kg7 36. Qe4 Qa6 37. Qd4+ Kh7 38. Qc4 Qd6 39. Qf4 Qd7 40.
Nc4 Bb5 41. Ne5 1-0

[Event "ODJM B 2018"]
[Site "Willingen GER"]
[Date "2018.05.23"]
[Round "5"]
[White "Werner, Tom"]
[Black "Celik, Cem"]
[Result "1-0"]
[Termination "normal"]
[Board "15"]
[WhiteElo "1615"]
[BlackElo "1800"]
[PlyCount "63"]
[WhiteFideId "16223756"]
[BlackFideId "16206673"]
[EventCountry "GER"]
[EventRounds "9"]
[EventType "swiss"]
[EventDate "2018.05.19"]

1. c4 e5 2. g3 c6 3. Bg2 d5 4. cxd5 cxd5 5. d3 Nf6 6. Nf3 Nc6 7. O-O Bc5 8. e4
dxe4 9. dxe4 Qxd1 10. Rxd1 Nxe4 11. Be3 Bxe3 12. fxe3 Nf6 13. Nc3 O-O 14. Rd2
Bf5 15. a3 h6 16. h3 Rad8 17. Rad1 Rxd2 18. Rxd2 Nd7 19. b4 f6 20. Nh4 Be6 21.
Rd6 Kf7 22. Bd5 Bxd5 23. Rxd7+ Ne7 24. Nxd5 Ke6 25. Rxe7+ Kxd5 26. Rxb7 Ke4 27.
Ng2 Rc8 28. Rxg7 Kf3 29. Kf1 a5 30. bxa5 Ra8 31. Rg6 Rxa5 32. Ne1+ 1-0

[Event "ODJM B 2018"]
[Site "Willingen GER"]
[Date "2018.05.23"]
[Round "5"]
[White "Walow, Xenia"]
[Black "Straßburg, Robin Leonard"]
[Result "1-0"]
[Termination "normal"]
[Board "16"]
[WhiteElo "1742"]
[BlackElo "1732"]
[PlyCount "169"]
[WhiteFideId "12971839"]
[BlackFideId "16210018"]
[EventCountry "GER"]
[EventRounds "9"]
[EventType "swiss"]
[EventDate "2018.05.19"]

1. e4 g6 2. Nf3 Bg7 3. Bc4 e6 4. Nc3 Ne7 5. d4 d6 6. O-O O-O 7. Bg5 h6 8. Be3
b6 9. Qd2 Kh7 10. h3 Bb7 11. Nh2 d5 12. exd5 Nxd5 13. Nxd5 Bxd5 14. Bd3 f5 15.
c3 Nd7 16. Rfe1 Re8 17. c4 Bb7 18. Rad1 c5 19. Bc2 Qf6 20. Nf3 Bxf3 21. gxf3
Rad8 22. Qe2 f4 23. Bc1 cxd4 24. Qe4 e5 25. b4 Nf8 26. Kh2 Re6 27. Rg1 Qe7 28.
a3 Rc8 29. Bd3 a6 30. Rg2 Rcc6 31. Rdg1 Qe8 32. Qe2 a5 33. c5 Rc7 34. Bb5 Qe7
35. cxb6 Rxb6 36. bxa5 Re6 37. a4 Rc3 38. Bd2 e4 39. Bxc3 exf3 40. Qxf3 dxc3
41. Bd3 Qc7 42. Kh1 Qxa5 43. Qxf4 Rf6 44. Qe4 Qh5 45. Rh2 Qc5 46. f4 Re6 47.
Qg2 Rd6 48. Rd1 Qe3 49. Qf1 Rf6 50. Rf2 Qc5 51. Bc2 Qc7 52. Ra1 Qa5 53. Qg2 Kh8
54. Re1 Qc7 55. Re4 Qd6 56. Qf3 g5 57. Qd3 Qc6 58. Qc4 Qb6 59. Rfe2 Rxf4 60.
Rxf4 gxf4 61. Qxf4 Qc6+ 62. Qe4 Qd7 63. Qf5 Qd8 64. Rg2 Qe7 65. Qe4 Qf6 66. Qd3
Qh4 67. a5 Bd4 68. Qg3 Qxg3 69. Rxg3 Ne6 70. Rg6 Nf4 71. Rxh6+ Kg7 72. Rh7+ Kf6
73. a6 Nd5 74. a7 Bxa7 75. Rxa7 Nb4 76. Be4 Ke5 77. Ra4 c2 78. Bxc2 Nxc2 79.
Kg2 Kf5 80. Kg3 Ne3 81. Kf3 Nf1 82. Rf4+ Kg5 83. Rg4+ Kf5 84. Rg2 Ke5 85. Ke2
1-0